| 000 | 00899pam a2200265 a 4500 | ||
|---|---|---|---|
| 005 | 20260322212025.0 | ||
| 008 | data | ||
| 010 | _a 84011196 | ||
| 020 | _a0688040977 | ||
| 020 | _a0688040985 (lib. bdg.) | ||
| 020 | _a9780688040970 | ||
| 020 | _a9780688040987 (lib. bdg.) | ||
| 040 |
_aDLC _cDLC _dDLC |
||
| 042 | _alcac | ||
| 050 | 0 | 0 |
_aPZ7.T2642 _bLad 1987 |
| 082 | 0 | 0 |
_a[E] _219 |
| 100 | 1 | _aTennyson, Noel. | |
| 245 | 1 | 4 |
_aThe lady's chair and the ottoman / _cNoel Tennyson. |
| 250 | _a1st ed. | ||
| 260 |
_aNew York : _bLothrop, Lee & Shepard Books, _cc1987. |
||
| 300 |
_a[32] p. : _bill. ; _c25 x 29 cm. |
||
| 520 | _aAn ottoman has spent as long as he can remember trying to get close to a lady's chair; and though fortune separates them and they seem to come to unhappy ends, a marvelous coincidence reunites them in a very happy way. | ||
| 650 | 1 |
_aFurniture _xFiction. |
|
| 001 | data | ||
| 999 |
_c568 _d568 |
||